| 000 | 01007nam a2200277Ia 4500 | ||
|---|---|---|---|
| 003 | OSt | ||
| 005 | 20220923211227.0 | ||
| 006 | a|||||r|||| 00| 0 | ||
| 007 | ta | ||
| 008 | 220922b |||||||| |||| 00| 0 hin d | ||
| 020 |
_a9788170803829 (hbk) _c85 |
||
| 024 | _a263,071 | ||
| 037 |
_b485, 20/03/2012, Eastern Book Linkers _cTextual |
||
| 040 |
_aARTS _cARTS _bhin |
||
| 041 |
_2hin _ahin |
||
| 082 | _aQ25:23, 152Q2 | ||
| 100 |
_aनारायण, कपिलदेव, अनु. _9159504 |
||
| 245 | 0 | _aवामकेýरीतम् | |
| 246 | _aVāmakeýrītam | ||
| 260 |
_aवाराणसी _b चौखम्बा कृष्णदास अकादमी _c2012 |
||
| 300 |
_a72पृ. _ccm. |
||
| 490 | _aहरिदास संस्कृत सीरीज; 377 | ||
| 650 | _aधर्म | ||
| 942 |
_hQ25:23, 152Q2 _cTEXL _2CC |
||
| 999 |
_c297264 _d297264 |
||